Ovládanie zariadení pomocou EEG signálov

Enregistré dans:
Détails bibliographiques
Auteur principal: Kalivoda, Kristian (Auteur)
Autres auteurs: Pavlovičová, Jarmila (Directeur de thèse)
Format: Manuscrit Livre
Langue:slovaque
Publié: Bratislava : STU v Bratislave FEI, 2020
Sujets:
Accès en ligne:https://opac.crzp.sk/?fn=detailBiblioForm&sid=201CE56335A527AB010E91791929&seo=CRZP-detail-kniha
Tags: Ajouter un tag
Pas de tags, Soyez le premier à ajouter un tag!

MARC

LEADER 00000ntm a22000003a 4500
001 stuzp77039
003 SK-STU
005 20200727140732.6
007 ta
008 150427s2015----xo-----f-mn---000-0-slo-d
040 |a STU  |b slo 
041 0 |a slo 
044 |a xo 
100 1 |a Kalivoda, Kristian  |u 031000  |4 aut  |U FEI Fakulta elektrotechniky a informatiky  |T FEI Ústav robotiky a kybernetiky  |X 73954  |U E011  |Y 356  |7 73954 
242 0 1 |a The controlling devices with EEG signals  |y eng 
245 1 0 |a Ovládanie zariadení pomocou EEG signálov 
260 |c Bratislava :  |c STU v Bratislave FEI,  |c 2020 
300 |a 44 s. 
650 4 |a EEG  |2 slo 
650 4 |a ANN  |2 slo 
650 4 |a BCI  |2 slo 
650 4 |a ANN  |2 eng 
650 4 |a BCI  |2 eng 
650 4 |a EEG  |2 eng 
700 1 |a Pavlovičová, Jarmila  |u 031000  |k Z1  |4 ths  |U FEI Fakulta elektrotechniky a informatiky  |T FEI Ústav robotiky a kybernetiky  |X 1872  |U E011  |Y 356  |7 A000001872 
856 4 |u https://opac.crzp.sk/?fn=detailBiblioForm&sid=201CE56335A527AB010E91791929&seo=CRZP-detail-kniha